Impresionismo y expresionismo : (Record no. 61971)

MARC details
000 -LEADER
campo de control de longitud fija 01046nam a2200265 i 4500
001 - NÚMERO DE CONTROL
campo de control 61971
003 - IDENTIFICADOR DE NÚMERO DE CONTROL
campo de control ES-MaACL
005 - FECHA Y HORA DE LA ÚLTIMA TRANSACCIÓN
campo de control 20260426162553.0
007 - CAMPO FIJO DE DESCRIPCIÓN FÍSICA--INFORMACIÓN GENERAL
campo de control de longitud fija t|
008 - DATOS DE LONGITUD FIJA--INFORMACIÓN GENERAL
campo de control de longitud fija 031117s1963 sp ||||1| spa d
100 1# - ENTRADA PRINCIPAL--NOMBRE DE PERSONA
Nombre de persona Falk, Walter.
9 (RLIN) 48750
245 10 - MENCIÓN DEL TÍTULO
Título Impresionismo y expresionismo :
Resto del título dolor y transformación en Rilke, Kafka, Trakl /
Mención de responsabilidad, etc. Walter Falk ; [lo tradujo del alemán Mario Bueno Heimerle].
260 ## - PUBLICACIÓN, DISTRIBUCIÓN, ETC.
Lugar de publicación, distribución, etc. Madrid :
Nombre del editor, distribuidor, etc. Guadarrama,
Fecha de publicación, distribución, etc. [1963]
300 ## - DESCRIPCIÓN FÍSICA
Extensión 628 p. ;
Dimensiones 19 cm.
490 1# - MENCIÓN DE SERIE
Mención de serie Guadarrama de crítica y ensayo ;
Designación de volumen o secuencia 41
600 17 - PUNTO DE ACCESO ADICIONAL DE MATERIA--NOMBRE DE PERSONA
Nombre de persona Rilke, Rainer Maria,
Fechas asociadas al nombre 1875-1926-
Subdivisión general Crítica e interpretación
9 (RLIN) 165252
600 14 - PUNTO DE ACCESO ADICIONAL DE MATERIA--NOMBRE DE PERSONA
Nombre de persona Kafka, Franz-
Subdivisión general Crítica e interpretación.
9 (RLIN) 173284
600 14 - PUNTO DE ACCESO ADICIONAL DE MATERIA--NOMBRE DE PERSONA
Nombre de persona Trakl, Georg (
Fechas asociadas al nombre 1887-1914)-
Subdivisión general Crítica e interpretación.
9 (RLIN) 173285
650 #7 - PUNTO DE ACCESO ADICIONAL DE MATERIA--TÉRMINO DE MATERIA
Término de materia o nombre geográfico como elemento de entrada Impresionismo (Literatura)
Fuente del encabezamiento o término embne
9 (RLIN) 173286
650 #4 - PUNTO DE ACCESO ADICIONAL DE MATERIA--TÉRMINO DE MATERIA
Término de materia o nombre geográfico como elemento de entrada Expresionismo (Literatura)
9 (RLIN) 156101
700 1# - ENTRADA AGREGADA--NOMBRE PERSONAL
Nombre de persona Bueno Heimerle, Mario.
9 (RLIN) 32397
830 1# - PUNTO DE ACCESO ADICIONAL DE SERIE-TÍTULO UNIFORME
Título uniforme Guadarrama de crítica y ensayo ;
Designación de volumen o secuencia 41
9 (RLIN) 182728
852 ## - LOCALIZACIÓN
Ubicación ES-MaACL
Número de control de estantería C-23930
Holdings
Estatus retirado Estado de pérdida Estado de daño No para préstamo Biblioteca de origen Biblioteca actual Ubicación en estantería Fecha de adquisición Fuente de adquisición Total de préstamos Signatura topográfica completa Código de barras Visto por última vez Precio de reemplazo Tipo de ítem Koha
        Biblioteca del Ateneo de Madrid Biblioteca del Ateneo de Madrid Depósito 2 17/01/2008     C-23930 1064976 23/02/2023 23/02/2023 Libro impreso